| 000 | 00459nam a2200193Ia 4500 | ||
|---|---|---|---|
| 003 | OSt | ||
| 005 | 20260627094521.0 | ||
| 008 | 210210b1967 xxu||||| |||| 00| 0 eng d | ||
| 040 | _cAL | ||
| 041 | _aeng | ||
| 082 | _a306 HONU | ||
| 100 |
_aJohn J Honigmann _9266027 |
||
| 245 | _aUnderstanding culture | ||
| 260 |
_aCalcutta _bOxford & IBH Publishing Co _c1967 |
||
| 300 | _aviii,468p | ||
| 690 |
_aCulture _9266028 |
||
| 906 | _a027528 | ||
| 942 |
_2ddc _cBK |
||
| 999 |
_c78814 _d78814 |
||